00419nam a2200145Ia 4500001000900000003000500009008004100014010001100055040000900066100003100075245006800106260006000174300001000234440002900244dia_6761CHAP220117s1962 xx 000 0 und d a178066 cCHAP aAgraz García, Abraham A. aLa cabra : su cría en pastoreo /c Abraham A. Agraz García aMéxico :b Confederación Nacional Campesina,c1962 a34 p. aManual del campesino ; 1